The economic regulation of airports : recent developments in Australasia, North America and Europe

Αποθηκεύτηκε σε:
Λεπτομέρειες βιβλιογραφικής εγγραφής
Συγγραφή απο Οργανισμό/Αρχή: German Aviation Research Society
Άλλοι συγγραφείς: Forsyth, P. (Peter) (Επιμελητής έκδοσης)
Μορφή: Βιβλίο
Γλώσσα:English
Δημοσίευση: Aldershot, Hants, England : Ashgate, c2004
Σειρά:Ashgate studies in aviation economics and management
Θέματα:
Ετικέτες: Προσθήκη ετικέτας
Δεν υπάρχουν, Καταχωρήστε ετικέτα πρώτοι!

MARC

LEADER 00000nam a2200000 i 4500
001 1/82500
008 080415r2004 eng d
020 |a 0-7546-38162 
035 |l 10096680 
040 |a GR-MY-UA  |b gre  |e aacr 
041 0 |a eng 
082 0 |a 387.736  |2 (22) 
245 1 4 |a The economic regulation of airports :  |b recent developments in Australasia, North America and Europe /  |c edited by Peter Forsyth ... [et al.] 
260 |a Aldershot, Hants, England :   |b Ashgate,   |c c2004 
300 |a xxix, 229 σ.;  |b εικ.;  |c 25 εκ. 
490 1 |a Ashgate studies in aviation economics and management 
500 |a To Παράρτημα της Χίου διαθέτει την ανατύπωση, 2006 
504 |a Περιλαμβάνει βιβλιογραφικές παραπομπές και ευρετήριο 
650 0 0 |a Aeronautics, Commercial  |x Government policy  |x Case studies. 
650 0 0 |a Aeronautics, Commercial  |x Deregulation  |x Case studies. 
700 1 |a Forsyth, P.  |q (Peter)  |4 edt 
710 2 |a German Aviation Research Society. 
830 0 |a Ashgate studies in aviation economics and management 
852 |a INST  |b CHIOS  |e 20080415  |h 387.736 ECO  |p 005200027363  |q 005200027363  |t BK  |y 0 
901 |a BIBL2-2008-1 
909 |a Χ  |b 152295 
922 |a 2ΕΛΗ  |b 200803  |c ΕΠΕΑΕΚ2/ΤΝΕΥ  |d ΠΑΠΑΣΩΤΗΡΙΟΥ 
970 |a ΒΑΡΦΗΣ  |b ΒΑΓΓΕΛΗΣ  |z 2008/04/15